| 000 | 00930cam a2200265 u 4500 | ||
|---|---|---|---|
| 003 | MX-MxUPN | ||
| 005 | 20231013192103.0 | ||
| 008 | 190626s2008 mx a br 000 0 nai d | ||
| 020 | _a9707420693 | ||
| 035 | _aUPN01000231548 | ||
| 040 |
_aMX-MxUPN _bspa |
||
| 041 | _aHuasteco | ||
| 050 | 4 |
_aLB1578.369 H81 _bA58 2008 |
|
| 245 | 0 | 0 |
_aAn t'ilab xechintalab ani xu wat'el = _bVivencias y sucesos cercanos en lengua huasteca : tenek, Tant´uyik, Veracruz : huasteco de Tantoyuca, Veracruz 1° |
| 250 | _aPrimera edición | ||
| 260 |
_aMéxico, D.F. _bSecretaría de Educación Pública _c2008 |
||
| 300 |
_a62 páginas : _bilustraciones a color |
||
| 650 | 4 |
_97981 _aCartilla huasteca |
|
| 650 | 4 |
_921179 _aIndígenas de México _xLenguas _zVeracruz |
|
| 650 | 4 |
_927868 _aHuasteco _xEstudio y enseñanza (Elemental) |
|
| 902 | _bVíctorGodínez/131023 | ||
| 905 | _aLibro | ||
| 942 |
_2lcc _cLIBRO |
||
| 999 |
_c203643 _d203643 |
||